LEADER 01375nam2 22003253i 450 001 SBL0065695 005 20231121125813.0 020 $aIT$b672963 100 $a20100927d1967 ||||0itac50 ba 101 | $aita 102 $ait 181 1$6z01$ai $bxxxe 182 1$6z01$an 200 0 $aVol. 1$fLuciano Bergonzini 210 $a[Bologna]$cIstituto per la storia di Bologna$d1967 215 $a532 p., [18] carte di tav.$cill.$d27 cm. 225 | $aFonti per la storia di Bologna. -$i Testi$v2 410 0$1001RAV0111361$12001 $aFonti per la storia di Bologna. -$i*Fonti per la storia di Bologna. Testi$v2 461 1$1001SBL0065694$12001 $a˜La œResistenza a Bologna$etestimonianze e documenti$v1 700 1$aBergonzini$b, Luciano$3CFIV050542$4070$0103067 801 3$aIT$bIT-01$c20100927 850 $aIT-RM1248 $aIT-RM0460 $aIT-FR0017 899 $aBiblioteca Della Fondazione Pietro Nenni$bRM1248 899 $aBiblioteca Dell' Archivio Centrale Dello Stato$bRM0460 899 $aBiblioteca umanistica Giorgio Aprea$bFR0017 912 $aSBL0065695 950 2$aBiblioteca umanistica Giorgio Aprea$d 52DES 940 Ber.Res.1$e 52FLS0000370475 VMB RS $fA $h20130412$i20130412 977 $a 23$a 27$a 52 996 $aVol. 1$93635718 997 $aUNICAS LEADER 01149nam0 22002771i 450 001 RML0256460 005 20231121125715.0 010 $a8814017328 100 $a20121121d1989 ||||0itac50 ba 101 | $aita 102 $ait 181 1$6z01$ai $bxxxe 182 1$6z01$an 200 1 $a˜La œtutela concorsuale dei creditori tra liquidazione e riassetto delle imprese in crisi$eevoluzione e prospettive di riforma del diritto fallimentare$fAldo Maisano 210 $aMilano $cGiuffrè $d1989 215 $a326 p.$d24 cm 606 $aDiritto commerciale$2FIR$3RMLC067534$9I 700 1$aMaisano$b, Aldo$3RMLV165080$0230794 801 3$aIT$bIT-01$c20121121 850 $aIT-FR0098 899 $aBiblioteca Area Giuridico Economica$bFR0098 912 $aRML0256460 950 0$aBiblioteca Area Giuridico Economica$d 53DSG GIU28/106$e 53VM 0000273975 VM barcode:BAGE017186. - Inventario:7514. - Fondo:Sala consultazioneVM$fA $h20010423$i20121204 977 $a 53 996 $aTutela concorsuale dei creditori tra liquidazione e riassetto delle imprese in crisi$9185857 997 $aUNICAS